=LDR 00000nam 2200000 4500 =001 INLIS000000000009690 =005 20210322073645 =035 ##$$a 0010-061300000009690 =008 210322###########################0###### =041 ##$$a Ind =082 ##$$a 634.6 =090 ##$$a 634.6, Set b =100 ##$$a Setiadi =245 1#$$a Bertanam Durian, Setiadi /$c Setiadi =260 ##$$a Jakarta :$b Penebar Swadaya,$c 1995 =300 ##$$a 21 hlm, ilus, 21 cma =650 #4$$a Durian - Budidaya =850 ##$$a NBPNMAT =020 ##$$a 979-489-168-1 =084 ##$$a 634.6 SET b =990 ##$$a DW00018794 =990 ##$$a DW00018795 =990 ##$$a 21400613/BPAP-NTB/20142014 =990 ##$$a 0001/BPAP-NTB/2016 =990 ##$$a 1199500754